Mil leguas por América de Lima a Caracas 1740-1741 : (Registro nro. 62969)
[ vista simple ]
| 000 -LEADER | |
|---|---|
| fixed length control field | 00759cam a2200205 a 4500 |
| 008 - FIXED-LENGTH DATA ELEMENTS--GENERAL INFORMATION | |
| fixed length control field | 030814s1992 ck 000 0 spa u |
| 020 ## - INTERNATIONAL STANDARD BOOK NUMBER | |
| International Standard Book Number | 9589028802 |
| 050 #0 - LIBRARY OF CONGRESS CALL NUMBER | |
| Classification number | F2221 |
| Item number | S26 1992 |
| 100 1# - MAIN ENTRY--PERSONAL NAME | |
| Personal name | Santisteban Miguel de |
| 245 10 - TITLE STATEMENT | |
| Title | Mil leguas por América de Lima a Caracas 1740-1741 : |
| Remainder of title | diario de don Miguel de Santisteban / |
| Statement of responsibility, etc | David J. Robinson. |
| 260 ## - PUBLICATION, DISTRIBUTION, ETC. (IMPRINT) | |
| Place of publication, distribution, etc | Santafé de Bogotá, Colombia : |
| Name of publisher, distributor, etc | Banco de la Republica, |
| Date of publication, distribution, etc | 1992. |
| 300 ## - PHYSICAL DESCRIPTION | |
| Extent | 323 p. ; |
| Dimensions | 20 cm. |
| 440 #0 - SERIES STATEMENT/ADDED ENTRY--TITLE | |
| Title | Bibliográfica. Historia colombiana |
| 500 ## - GENERAL NOTE | |
| General note | Incluye apéndice e índice |
| 600 14 - SUBJECT ADDED ENTRY--PERSONAL NAME | |
| Personal name | Santisteban, Miguel de, |
| Dates associated with a name | 1691-1773 |
| 651 24 - SUBJECT ADDED ENTRY--GEOGRAPHIC NAME | |
| Geographic name | América del Sur |
| General subdivision | Descripción y viajes |
| 651 24 - SUBJECT ADDED ENTRY--GEOGRAPHIC NAME | |
| Geographic name | América del Sur |
| General subdivision | Historia |
| Chronological subdivision | Hasta 1830 |
| 942 ## - ADDED ENTRY ELEMENTS (KOHA) | |
| Source of classification or shelving scheme | Biblioteca del Cogreso de los Estados Unidos |
| Koha item type | Libro |
| Estado de pérdida | Fuente de clasificación | Estado del daño | No para préstamo | Ubicación permanente | Ubicación actual | Apartado o colección | Fecha de adquisición | Edición | Dependencia de educación superior (DES) | Área del conocimiento | Clasificación | Código de Barras | Date last seen | Número de copia | Tipo de recurso |
|---|---|---|---|---|---|---|---|---|---|---|---|---|---|---|---|
| Biblioteca del Cogreso de los Estados Unidos | Biblioteca del Instituto de Investigaciones Históricas | Biblioteca del Instituto de Investigaciones Históricas | General | 07/08/2018 | 1a ed. | Humanidades | Ciencias Sociales y Administrativas | F2221 S26 1992 | IIH000023602 | 07/08/2018 | C:1 | Libro |